[Event "BAN-chB 46th"]
[Site "Dhaka"]
[Date "2021.12.18"]
[Round "4"]
[White "Saiful Islam, Chowdhury"]
[Black "Md, Sariatullah"]
[Result "1-0"]
[WhiteElo "2111"]
[BlackElo "1965"]
[PlyCount "61"]
[EventDate "2021.12.15"]
[EventType "swiss"]
[EventRounds "9"]
[EventCountry "BAN"]
[SourceTitle "CBM 206 Extra"]
[Source "ChessBase"]
[SourceDate "2022.03.31"]
[SourceVersion "1"]
[SourceVersionDate "2022.03.31"]
[SourceQuality "1"]

1. e4 c5 2. f4 d6 3. Nf3 g6 4. Bc4 Bg7 5. 0-0 e6 6. c3 Nc6 7. d3 Nge7 8. Be3 0-0 9. Bb3 b6 10. Na3 d5 11. Bf2 Ba6 12. e5 h5 13. Bh4 Qc7 14. Kh1 Nf5 15. Bf2 Rfd8 16. Ba4 Rac8 17. Rc1 Bf8 18. Nb5 Qb7 19. Ng5 Be7 20. h3 Bxg5 21. fxg5 Bxb5 22. Bxb5 a6 23. Ba4 b5 24. Bc2 d4 25. g4 hxg4 26. hxg4 Nfe7 27. Qf3 Qc7 28. Bg3 Nd5 29. Rce1 Qe7 30. Bf4 Kg7 31. Kg2 1-0

[Event "BAN-chT 1st League"]
[Site "Dhaka"]
[Date "2021.03.07"]
[Round "11.3"]
[White "Abdul, Momin"]
[Black "Saiful Islam, Chowdhury"]
[Result "1/2-1/2"]
[WhiteElo "1952"]
[BlackElo "2183"]
[PlyCount "147"]
[EventDate "2021.02.25"]
[EventType "team-tourn"]
[EventRounds "11"]
[EventCountry "BAN"]
[SourceTitle "EXT 2022"]
[Source "ChessBase"]
[SourceDate "2021.10.06"]
[SourceVersion "1"]
[SourceVersionDate "2021.10.06"]
[SourceQuality "1"]
[WhiteTeam "Khelaghor Daba Sangah"]
[BlackTeam "Rupali Bank Krira Parisad"]
[WhiteTeamCountry "BAN"]
[BlackTeamCountry "BAN"]

1. e4 e5 2. Nf3 Nc6 3. Bb5 d6 4. c3 Nf6 5. d3 Be7 6. 0-0 0-0 7. h3 Bd7 8. Re1 Re8 9. Nbd2 Bf8 10. Nf1 g6 11. Bg5 Bg7 12. Qd2 Na5 13. Bxd7 Qxd7 14. Bh6 Nh5 15. Bxg7 Kxg7 16. Ne3 Nc6 17. d4 exd4 18. Ng4 f6 19. cxd4 Kh8 20. Nh6 Qe7 21. Rac1 Rad8 22. b4 Rd7 23. b5 Nd8 24. d5 Nf7 25. Nxf7+ Qxf7 26. Nd4 Rde7 27. f3 Ng7 28. Re2 f5 29. Rce1 Kg8 30. Qa5 fxe4 31. fxe4 Qf4 32. Rf1 Qg3 33. Nf3 Nh5 34. Qe1 Nf4 35. Rc2 Qxe1 36. Rxe1 Nxd5 37. exd5 Rxe1+ 38. Nxe1 Rxe1+ 39. Kf2 Re7 40. Kf3 Kf7 41. Rc4 Ke8 42. Ra4 a6 43. bxa6 bxa6 44. Rxa6 Re5 45. Ra5 Kd7 46. Rb5 Kc8 47. a4 h6 48. h4 Re1 49. a5 Ra1 50. g4 Ra4 51. g5 hxg5 52. hxg5 Kd7 53. Kg3 Rd4 54. Kf3 c5 55. Rb7+ Kc8 56. a6 Rxd5 57. Rg7 Kb8 58. Rxg6 Ka7 59. Kf4 c4 60. Rg8 Rc5 61. Rh8 c3 62. Rh1 Kxa6 63. g6 Rc7 64. Ke4 Kb5 65. Kd3 c2 66. Rc1 Rg7 67. Rxc2 Rxg6 68. Kd4 Rg5 69. Rc8 Rc5 70. Rxc5+ dxc5+ 71. Kc3 c4 72. Kc2 Kb4 73. Kb2 c3+ 74. Kc2 1/2-1/2

[Event "BAN-chT 1st League"]
[Site "Dhaka"]
[Date "2021.03.05"]
[Round "9.3"]
[White "Saiful Islam, Chowdhury"]
[Black "Khan, Nazrana"]
[Result "0-1"]
[WhiteElo "2183"]
[BlackElo "1952"]
[PlyCount "92"]
[EventDate "2021.02.25"]
[EventType "team-tourn"]
[EventRounds "11"]
[EventCountry "BAN"]
[SourceTitle "EXT 2022"]
[Source "ChessBase"]
[SourceDate "2021.10.06"]
[SourceVersion "1"]
[SourceVersionDate "2021.10.06"]
[SourceQuality "1"]
[WhiteTeam "Rupali Bank Krira Parisad"]
[BlackTeam "Mir CC"]
[WhiteTeamCountry "BAN"]
[BlackTeamCountry "BAN"]

1. e4 c5 2. Nc3 e6 3. g3 g6 4. d4 cxd4 5. Qxd4 Nf6 6. Bg5 Be7 7. 0-0-0 h6 8. Be3 Nc6 9. Qd2 Ng4 10. f4 a6 11. Nf3 Nxe3 12. Qxe3 Qc7 13. e5 b5 14. Kb1 Bb7 15. Bd3 Nb4 16. Be4 Rc8 17. Bxb7 Qxb7 18. a3 Nc6 19. Ne4 Na5 20. Nd6+ Bxd6 21. exd6 0-0 22. b3 b4 23. axb4 Qxb4 24. Ne5 Rc3 25. Qd4 Qxd4 26. Rxd4 Nc6 27. Rd3 Rxd3 28. Nxd3 Rc8 29. Nc5 Nb8 30. Nb7 f6 31. Kb2 Kf7 32. g4 Nc6 33. c3 g5 34. f5 exf5 35. gxf5 Re8 36. b4 Re5 37. Rf1 Re2+ 38. Kc1 Rxh2 39. Nc5 Ne5 40. Rd1 g4 41. c4 g3 42. Ne4 g2 43. Ng3 Nxc4 44. Rg1 h5 45. Kc2 Nxd6 46. Kd3 Rh3 0-1

[Event "BAN-chT 1st League"]
[Site "Dhaka"]
[Date "2021.02.28"]
[Round "4.3"]
[White "Aniruddh, Chatterjee"]
[Black "Saiful Islam, Chowdhury"]
[Result "0-1"]
[WhiteElo "1797"]
[BlackElo "2183"]
[PlyCount "72"]
[EventDate "2021.02.25"]
[EventType "team-tourn"]
[EventRounds "11"]
[EventCountry "BAN"]
[SourceTitle "EXT 2022"]
[Source "ChessBase"]
[SourceDate "2021.10.06"]
[SourceVersion "1"]
[SourceVersionDate "2021.10.06"]
[SourceQuality "1"]
[WhiteTeam "Dhaka CC"]
[BlackTeam "Rupali Bank Krira Parisad"]
[WhiteTeamCountry "BAN"]
[BlackTeamCountry "BAN"]

1. c4 Nf6 2. g3 e6 3. Nf3 d5 4. d4 c5 5. cxd5 Nxd5 6. Nc3 Nc6 7. Bg2 Qa5 8. 0-0 Nxc3 9. bxc3 Qxc3 10. Be3 Qa5 11. Rc1 Be7 12. dxc5 0-0 13. Qd2 Qa6 14. Rfd1 e5 15. Ng5 Bxg5 16. Bxg5 Be6 17. Bxc6 bxc6 18. Be7 Rfe8 19. Bd6 Qxa2 20. Bxe5 Qxd2 21. Rxd2 a5 22. f3 a4 23. e4 a3 24. Rd6 f6 25. Bc3 Ra6 26. Kf2 Kf7 27. Ke3 Rb8 28. f4 f5 29. g4 fxe4 30. f5 Bd5 31. Rd7+ Ke8 32. Rxg7 Rb3 33. Kd2 a2 34. Ra1 Raa3 35. Be5 e3+ 36. Kc1 Rb1+ 0-1

[Event "BAN-chT"]
[Site "Dhaka"]
[Date "2019.12.16"]
[Round "10.4"]
[White "Saiful Islam, Chowdhury"]
[Black "Hossain, Showkat Pollab"]
[Result "1-0"]
[WhiteElo "2159"]
[BlackElo "2088"]
[PlyCount "67"]
[EventDate "2019.12.07"]
[EventType "team-tourn"]
[EventRounds "11"]
[EventCountry "BAN"]
[SourceTitle "CBM 194 Extra"]
[Source "ChessBase"]
[SourceDate "2020.03.31"]
[SourceVersion "1"]
[SourceVersionDate "2020.03.31"]
[SourceQuality "1"]
[WhiteTeam "Titas CC"]
[BlackTeam "Sheikh Russel"]
[WhiteTeamCountry "BAN"]
[BlackTeamCountry "BAN"]

1. e4 c5 2. Nf3 Nc6 3. d4 cxd4 4. Nxd4 Nf6 5. Nc3 e5 6. Nxc6 bxc6 7. Bc4 Bb4 8. 0-0 Bxc3 9. bxc3 Qa5 10. Qf3 d5 11. exd5 cxd5 12. Bb3 0-0 13. Qg3 Re8 14. Bh6 g6 15. Rfe1 Qc7 16. Qh4 Qd6 17. Rad1 Bb7 18. Re3 Qe6 19. Rde1 Nd7 20. Rh3 f6 21. c4 d4 22. Bc1 Qe7 23. c5+ Kh8 24. Ba3 Bc6 25. f4 e4 26. Bb2 Rf8 27. Bxd4 Rae8 28. Qg4 Nxc5 29. Qxg6 Nxb3 30. axb3 Rf7 31. Rxh7+ Rxh7 32. Bxf6+ Rg7 33. Qh6+ Kg8 34. Bxe7 1-0

[Event "BAN-chT"]
[Site "Dhaka"]
[Date "2019.12.15"]
[Round "9.4"]
[White "Rahman, Siddiqur"]
[Black "Saiful Islam, Chowdhury"]
[Result "0-1"]
[WhiteElo "1936"]
[BlackElo "2159"]
[PlyCount "111"]
[EventDate "2019.12.07"]
[EventType "team-tourn"]
[EventRounds "11"]
[EventCountry "BAN"]
[SourceTitle "CBM 194 Extra"]
[Source "ChessBase"]
[SourceDate "2020.03.31"]
[SourceVersion "1"]
[SourceVersionDate "2020.03.31"]
[SourceQuality "1"]
[WhiteTeam "Sonali Bank Sports"]
[BlackTeam "Titas CC"]
[WhiteTeamCountry "BAN"]
[BlackTeamCountry "BAN"]

1. d4 c5 2. d5 e5 3. c4 d6 4. e4 g6 5. Nc3 Bg7 6. Nf3 Ne7 7. Bg5 h6 8. Bd2 Na6 9. a3 g5 10. h3 f5 11. Bd3 f4 12. b4 0-0 13. b5 Nc7 14. a4 b6 15. Nh2 Ng6 16. Be2 Nh4 17. Rg1 Kh7 18. Bg4 a6 19. Ra3 axb5 20. cxb5 Bd7 21. Nb1 Ne8 22. g3 Ng6 23. Bxd7 Qxd7 24. g4 Nf6 25. f3 Qc7 26. Nc3 c4 27. Rg2 Nh4 28. Rf2 h5 29. Na2 hxg4 30. hxg4 Rh8 31. Nb4 Nd7 32. Qc2 Qc5 33. Qc1 Kg6 34. Nc6 Ng2+ 35. Rxg2 Rxh2 36. Rxh2 Qg1+ 37. Ke2 Qxh2+ 38. Kd1 Qg1+ 39. Be1 Rh8 40. Qxc4 Rh1 41. Qb4 Nc5 42. a5 bxa5 43. Nxa5 Qf1 44. b6 Nd3 45. Rxd3 Qxd3+ 46. Kc1 Qe3+ 47. Kc2 Qe2+ 48. Bd2 Qd1+ 49. Kb2 Qb1+ 50. Ka3 Qa1+ 51. Kb3 Rb1+ 52. Kc4 Qd4+ 53. Kb5 Qc5+ 54. Ka6 Rxb4 55. Bxb4 Qxb4 56. b7 0-1

[Event "BAN-chT"]
[Site "Dhaka"]
[Date "2019.12.10"]
[Round "4.1"]
[White "Saiful Islam, Chowdhury"]
[Black "Mohammad Fahad, Rahman"]
[Result "0-1"]
[WhiteElo "2159"]
[BlackElo "2294"]
[PlyCount "100"]
[EventDate "2019.12.07"]
[EventType "team-tourn"]
[EventRounds "11"]
[EventCountry "BAN"]
[SourceTitle "CBM 193 Extra"]
[Source "ChessBase"]
[SourceDate "2020.01.31"]
[SourceVersion "1"]
[SourceVersionDate "2020.01.31"]
[SourceQuality "1"]
[WhiteTeam "Titas CC"]
[BlackTeam "Bangladesh Police"]
[WhiteTeamCountry "BAN"]
[BlackTeamCountry "BAN"]

1. e4 c5 2. Nc3 Nc6 3. g3 g6 4. Bg2 Bg7 5. Nge2 e6 6. d3 Nge7 7. 0-0 0-0 8. Bg5 Rb8 9. a4 h6 10. Be3 Nd4 11. Qd2 Kh7 12. f4 d6 13. g4 f5 14. gxf5 exf5 15. Bxd4 cxd4 16. Nb5 Nc6 17. Ng3 a6 18. Na3 fxe4 19. dxe4 Qb6 20. f5 Ne5 21. fxg6+ Nxg6 22. Rxf8 Bxf8 23. Qf2 Be6 24. c3 Bg7 25. Nf5 Rf8 26. b4 d5 27. Rf1 Bxf5 28. exf5 Ne7 29. a5 Qd6 30. cxd4 Qxb4 31. Nc2 Qc4 32. Bh3 Qd3 33. Bg4 Bf6 34. Kh1 Rg8 35. Bf3 Qxf5 36. Ne3 Qg5 37. Ng4 Bg7 38. Qc2+ Kh8 39. Qd3 Rf8 40. Ne5 Bxe5 41. dxe5 Qxe5 42. Rd1 Qf5 43. Qxf5 Rxf5 44. Bg4 Rg5 45. Bd7 Nc6 46. Bxc6 bxc6 47. Rc1 Rg6 48. Rb1 d4 49. Rb6 d3 50. Rb8+ Rg8 0-1

[Event "BAN-ch 45th"]
[Site "Dhaka"]
[Date "2019.11.08"]
[Round "7"]
[White "Saiful Islam, Chowdhury"]
[Black "Md Emdadul, Haque"]
[Result "0-1"]
[WhiteElo "2159"]
[BlackElo "2070"]
[PlyCount "92"]
[EventDate "2019.11.02"]
[EventType "swiss"]
[EventRounds "10"]
[EventCountry "BAN"]
[SourceTitle "CBM 192 Extra"]
[Source "Chessbase"]
[SourceDate "2019.11.06"]
[SourceVersion "1"]
[SourceVersionDate "2019.11.06"]
[SourceQuality "1"]

1. e4 e5 2. d4 exd4 3. Nf3 d6 4. Nxd4 Nf6 5. Nc3 Be7 6. Be2 Bd7 7. 0-0 Nc6 8. Be3 a6 9. f4 0-0 10. Bf3 Nxd4 11. Bxd4 c5 12. Bf2 Bc6 13. e5 dxe5 14. fxe5 Nd7 15. Bxc6 bxc6 16. Qe2 Qb8 17. e6 Nf6 18. b3 Qb4 19. Na4 Rae8 20. Rae1 Bd6 21. exf7+ Rxf7 22. Qf3 Ref8 23. c3 Qb8 24. Bg3 Bxg3 25. hxg3 Qd6 26. Qf4 Qd5 27. Re5 Qd3 28. Qf3 Qg6 29. Re6 h5 30. Nxc5 Qg5 31. Qxc6 Qxg3 32. Qd6 Ne4 33. Qxg3 Rxf1+ 34. Kh2 Nxg3 35. Kxg3 R8f6 36. Rxa6 Rxa6 37. Nxa6 g5 38. Nc5 Kf7 39. a4 Kg6 40. Ne4 h4+ 41. Kh3 Kf5 42. Nd6+ Kf4 43. Kh2 g4 44. g3+ Kf3 45. Nf5 hxg3+ 46. Nxg3 Rf2+ 0-1

[Event "BAN-ch 45th"]
[Site "Dhaka"]
[Date "2019.11.05"]
[Round "4"]
[White "Rahman, Ziaur"]
[Black "Saiful Islam, Chowdhury"]
[Result "1-0"]
[WhiteElo "2454"]
[BlackElo "2159"]
[PlyCount "112"]
[EventDate "2019.11.02"]
[EventType "swiss"]
[EventRounds "10"]
[EventCountry "BAN"]
[SourceTitle "CBM 192 Extra"]
[Source "Chessbase"]
[SourceDate "2019.11.06"]
[SourceVersion "1"]
[SourceVersionDate "2019.11.06"]
[SourceQuality "1"]

1. d4 Nf6 2. Bg5 c6 3. Bxf6 exf6 4. e3 d5 5. c4 Qa5+ 6. Nc3 Bb4 7. Qb3 dxc4 8. Bxc4 0-0 9. Nge2 f5 10. 0-0 Nd7 11. Rad1 Nf6 12. d5 b5 13. Bd3 Bxc3 14. Nxc3 b4 15. Ne2 Nxd5 16. Nd4 Ne7 17. Bc4 Qb6 18. Nf3 a5 19. Ne5 Nd5 20. Nxc6 a4 21. Qd3 Qxc6 22. Bxd5 Qa6 23. Bxa8 Qxd3 24. Rxd3 Ba6 25. Rd4 Bxf1 26. Bc6 Be2 27. Bxa4 Rb8 28. Bb3 Kf8 29. f3 Ke7 30. Kf2 Ba6 31. Kg3 Bc8 32. Kf4 Be6 33. Rd3 h6 34. h4 Kf6 35. h5 Rb6 36. Bxe6 fxe6 37. Rb3 Ra6 38. Rxb4 Rxa2 39. Rb5 Ra4+ 40. e4 fxe4 41. fxe4 Rc4 42. Rb6 Rc5 43. g4 Rc4 44. b3 Rd4 45. Rb5 e5+ 46. Rxe5 Rb4 47. Rf5+ Ke6 48. Ra5 Rxb3 49. Ra6+ Kf7 50. Ra7+ Kf6 51. e5+ Ke6 52. Rxg7 Rb4+ 53. Kg3 Kxe5 54. Rg6 Rb1 55. Rxh6 Rh1 56. Ra6 Kd5 1-0

[Event "BAN-chT"]
[Site "Dhaka"]
[Date "2018.12.16"]
[Round "11.5"]
[White "Saiful Islam, Chowdhury"]
[Black "Sai Agni, Jeevitesh J"]
[Result "0-1"]
[WhiteElo "2120"]
[BlackElo "2336"]
[PlyCount "110"]
[EventDate "2018.12.06"]
[EventType "team-tourn"]
[EventRounds "11"]
[EventCountry "BAN"]
[SourceTitle "CBM 187 Extra"]
[Source "ChessBase"]
[SourceDate "2018.11.04"]
[SourceVersion "1"]
[SourceVersionDate "2018.11.04"]
[SourceQuality "1"]
[WhiteTeam "Titas CC"]
[BlackTeam "Esoft Arena"]
[WhiteTeamCountry "BAN"]
[BlackTeamCountry "BAN"]

1. e4 d6 2. d4 Nf6 3. Nc3 Nbd7 4. Nge2 e5 5. f3 c6 6. Be3 Be7 7. Qd2 0-0 8. g4 b5 9. Ng3 exd4 10. Bxd4 b4 11. Nd1 c5 12. Be3 Ne5 13. Be2 Be6 14. g5 Ne8 15. f4 Nc4 16. Bxc4 Bxc4 17. Nf2 Nc7 18. f5 Re8 19. Ng4 Bf8 20. Kf2 d5 21. e5 d4 22. Bf4 Nd5 23. Rhe1 d3 24. b3 Bb5 25. cxd3 Bxd3 26. h4 Qb6 27. Kg2 Rad8 28. Nf2 Ba6 29. Nge4 Ne7 30. Qe3 Nxf5 31. Qh3 Nd4 32. Kh2 Bc8 33. Qg3 Qg6 34. Rac1 Nf5 35. Qg4 Nd4 36. h5 Bxg4 37. hxg6 Bh5 38. gxf7+ Kxf7 39. Rf1 Kg6 40. Bg3 Be2 41. Nh3 Bxf1 42. Rxf1 Ne6 43. Nd6 Bxd6 44. exd6 Rf8 45. Re1 Nxg5 46. Nxg5 Kxg5 47. Re7 Kg6 48. Rxa7 Rf5 49. Rc7 Rd5 50. Kg2 h5 51. Kf3 Rd3+ 52. Kg2 Rd5 53. Kf3 Rf8+ 54. Ke3 Re8+ 55. Kf2 Rd2+ 0-1

[Event "BAN-chT"]
[Site "Dhaka"]
[Date "2018.12.12"]
[Round "7.3"]
[White "Saiful Islam, Chowdhury"]
[Black "Arpan, Das Jr"]
[Result "1-0"]
[WhiteElo "2120"]
[BlackElo "2186"]
[PlyCount "99"]
[EventDate "2018.12.06"]
[EventType "team-tourn"]
[EventRounds "11"]
[EventCountry "BAN"]
[SourceTitle "CBM 187 Extra"]
[Source "ChessBase"]
[SourceDate "2018.11.04"]
[SourceVersion "1"]
[SourceVersionDate "2018.11.04"]
[SourceQuality "1"]
[WhiteTeam "Titas CC"]
[BlackTeam "Access"]
[WhiteTeamCountry "BAN"]
[BlackTeamCountry "BAN"]

1. e4 c5 2. Nf3 d6 3. Bb5+ Bd7 4. Bxd7+ Qxd7 5. 0-0 Nc6 6. c3 g6 7. d4 cxd4 8. cxd4 Bg7 9. Nc3 Nf6 10. d5 Nb8 11. e5 dxe5 12. Nxe5 Qf5 13. Qb3 0-0 14. Qxb7 Nbd7 15. Nc6 Kh8 16. Nxe7 Qh5 17. Bf4 Ne5 18. Bxe5 Qxe5 19. Rae1 Qf4 20. g3 Qh6 21. d6 Rad8 22. Rd1 Qh5 23. Qg2 Qc5 24. Qc6 Qh5 25. f3 Qh3 26. Rf2 Rfe8 27. Re2 h6 28. Qc4 Rf8 29. Ne4 Nxe4 30. Qxe4 Rd7 31. Nc6 Kh7 32. Qg4 Qxg4 33. fxg4 Bf6 34. b4 Rc8 35. b5 Kg7 36. Kf2 Kf8 37. Rc2 Re8 38. Kf3 Re6 39. Rcd2 Be5 40. a4 Bxd6 41. a5 Kg7 42. a6 Rf6+ 43. Kg2 Re7 44. Rxd6 Re2+ 45. Kh3 Rff2 46. Rh1 f5 47. gxf5 gxf5 48. b6 axb6 49. a7 Re8 50. Re1 1-0

[Event "BAN-chT"]
[Site "Dhaka"]
[Date "2018.12.10"]
[Round "5.2"]
[White "Mohammed Abdul, Malek"]
[Black "Saiful Islam, Chowdhury"]
[Result "1-0"]
[WhiteElo "2208"]
[BlackElo "2120"]
[PlyCount "83"]
[EventDate "2018.12.06"]
[EventType "team-tourn"]
[EventRounds "11"]
[EventCountry "BAN"]
[SourceTitle "CBM 187 Extra"]
[Source "ChessBase"]
[SourceDate "2018.11.04"]
[SourceVersion "1"]
[SourceVersionDate "2018.11.04"]
[SourceQuality "1"]
[WhiteTeam "Sonargaon CC"]
[BlackTeam "Titas CC"]
[WhiteTeamCountry "BAN"]
[BlackTeamCountry "BAN"]

1. d4 Nf6 2. Nf3 d5 3. c4 e6 4. e3 c6 5. Nbd2 Nbd7 6. Bd3 Bd6 7. 0-0 0-0 8. e4 Nh5 9. e5 Be7 10. Re1 b6 11. cxd5 cxd5 12. Nf1 g6 13. g4 Ng7 14. g5 Bb7 15. h4 a6 16. Ne3 b5 17. Ng4 Bb4 18. Bd2 Be7 19. Nf6+ Kh8 20. Kg2 Nf5 21. Bxf5 gxf5 22. Ng1 Bxf6 23. exf6 Rg8 24. Kh1 Rc8 25. Bf4 Qb6 26. Nf3 b4 27. Rg1 a5 28. Ne5 Nxe5 29. Bxe5 Qc6 30. h5 Rgd8 31. g6 Rd7 32. gxh7 Rdd8 33. Qd2 f4 34. Rac1 Qb5 35. Rxc8 Rxc8 36. Qxf4 Qd3 37. Rg8+ Rxg8 38. hxg8Q+ Kxg8 39. Qg5+ Kf8 40. Qg7+ Ke8 41. Qg8+ Kd7 42. Qxf7+ 1-0

[Event "BAN-ch 44th"]
[Site "Dhaka"]
[Date "2018.11.30"]
[Round "7"]
[White "Saiful Islam, Chowdhury"]
[Black "Mehdi, Hasan Parag"]
[Result "0-1"]
[WhiteElo "2110"]
[BlackElo "2218"]
[PlyCount "124"]
[EventDate "2018.11.24"]
[EventType "swiss"]
[EventRounds "10"]
[EventCountry "BAN"]
[SourceTitle "CBM 187 Extra"]
[Source "ChessBase"]
[SourceDate "2018.11.04"]
[SourceVersion "1"]
[SourceVersionDate "2018.11.04"]
[SourceQuality "1"]

1. e4 c6 2. d4 d5 3. Nd2 dxe4 4. Nxe4 Bf5 5. Ng3 Bg6 6. Nf3 e6 7. h4 h6 8. h5 Bh7 9. Bd3 Bxd3 10. Qxd3 Nf6 11. Bd2 c5 12. 0-0-0 Nc6 13. Bc3 Qd5 14. Qb5 c4 15. a4 Qxb5 16. axb5 Nb4 17. Bxb4 Bxb4 18. c3 Be7 19. Nd2 Rc8 20. Kc2 Ng4 21. Rhf1 Bd6 22. Nge4 Bb8 23. Rde1 0-0 24. f3 Nf6 25. Nxf6+ gxf6 26. g4 Rfd8 27. Ne4 Kg7 28. f4 Rd5 29. g5 fxg5 30. fxg5 Rf5 31. gxh6+ Kxh6 32. Rxf5 exf5 33. Nf6 Kg5 34. Re8 Rxe8 35. Nxe8 Kxh5 36. d5 Bg3 37. d6 Bh4 38. d7 Kg4 39. Nd6 f4 40. Kd2 Kh3 41. Nf5 Bd8 42. Ke2 Kg2 43. Nd4 Bb6 44. Nf3 Bd8 45. Ne1+ Kg3 46. Nf3 Bb6 47. Ne5 Kg2 48. Nxc4 f3+ 49. Kd3 f2 50. Nd2 f5 51. c4 f1Q+ 52. Nxf1 Kxf1 53. c5 Bc7 54. Ke3 Ke1 55. c6 bxc6 56. bxc6 a5 57. b3 f4+ 58. Ke4 Kd2 59. d8Q+ Bxd8 60. Kxf4 Kc3 61. Ke5 Kxb3 62. Kd6 a4 0-1

[Event "BAN-ch 44th"]
[Site "Dhaka"]
[Date "2018.11.25"]
[Round "2"]
[White "Saiful Islam, Chowdhury"]
[Black "Jabed, Al Azad"]
[Result "1-0"]
[WhiteElo "2110"]
[BlackElo "2008"]
[PlyCount "25"]
[EventDate "2018.11.24"]
[EventType "swiss"]
[EventRounds "10"]
[EventCountry "BAN"]
[SourceTitle "CBM 187 Extra"]
[Source "ChessBase"]
[SourceDate "2018.11.04"]
[SourceVersion "1"]
[SourceVersionDate "2018.11.04"]
[SourceQuality "1"]

1. e4 c6 2. d4 d5 3. f3 dxe4 4. fxe4 e5 5. Nf3 exd4 6. Bc4 Bb4+ 7. c3 dxc3 8. Bxf7+ Ke7 9. Qb3 Qb6 10. bxc3 Nf6 11. cxb4 Ng4 12. Bg5+ Kf8 13. Rf1 1-0

[Event "BAN Marcel 1st Div"]
[Site "Dhaka"]
[Date "2018.01.06"]
[Round "8.1"]
[White "Saiful Islam, Chowdhury"]
[Black "Karim, Md Rezaul"]
[Result "1-0"]
[WhiteElo "2102"]
[BlackElo "1816"]
[PlyCount "89"]
[EventDate "2017.12.30"]
[EventType "team-tourn"]
[EventRounds "9"]
[EventCountry "BAN"]
[SourceTitle "CBM 182 Extra"]
[Source "ChessBase"]
[SourceDate "2018.02.23"]
[SourceVersion "1"]
[SourceVersionDate "2018.02.23"]
[SourceQuality "1"]
[WhiteTeam "Janata Bank Officer Welfare"]
[BlackTeam "Basir Memorial CC"]
[WhiteTeamCountry "BAN"]
[BlackTeamCountry "BAN"]

1. e4 d6 2. d4 g6 3. c4 Bg7 4. Nc3 Nf6 5. f4 Nfd7 6. Nf3 c5 7. d5 Na6 8. Bd3 Nb6 9. Qe2 0-0 10. 0-0 Bg4 11. a3 Nd7 12. h3 Bxf3 13. Qxf3 Nc7 14. e5 dxe5 15. f5 Ne8 16. Bg5 Nd6 17. Rae1 b6 18. g4 f6 19. Bd2 g5 20. Ne4 h6 21. Re2 Qc7 22. h4 Nxe4 23. Bxe4 Qd6 24. Rh2 Kf7 25. Qd1 Rh8 26. Rf3 a5 27. Qa4 Rhb8 28. Rb3 Rh8 29. Rbh3 Rhb8 30. Qc2 Rh8 31. Qc1 Rag8 32. Qb1 Bf8 33. hxg5 fxg5 34. Bc3 Bg7 35. Re2 Bf6 36. b3 Rb8 37. Reh2 Kg7 38. Kf2 b5 39. Qh1 bxc4 40. Rxh6 Rxh6 41. Rxh6 Nf8 42. Rh8 cxb3 43. Qh6+ Kf7 44. Rxf8+ Rxf8 45. Qg6# 1-0

[Event "BAN Marcel 1st Div"]
[Site "Dhaka"]
[Date "2017.12.31"]
[Round "2.2"]
[White "Mohammad Fahad, Rahman"]
[Black "Saiful Islam, Chowdhury"]
[Result "1-0"]
[WhiteElo "2234"]
[BlackElo "2102"]
[PlyCount "75"]
[EventDate "2017.12.30"]
[EventType "team-tourn"]
[EventRounds "9"]
[EventCountry "BAN"]
[SourceTitle "CBM 182 Extra"]
[Source "ChessBase"]
[SourceDate "2018.02.23"]
[SourceVersion "1"]
[SourceVersionDate "2018.02.23"]
[SourceQuality "1"]
[WhiteTeam "Sonargaon CC"]
[BlackTeam "Janata Bank Officer Welfare"]
[WhiteTeamCountry "BAN"]
[BlackTeamCountry "BAN"]

1. e4 e5 2. Nf3 Nf6 3. Nxe5 d6 4. Nf3 Nxe4 5. d4 d5 6. Bd3 Be7 7. 0-0 0-0 8. c4 c6 9. Qc2 Nf6 10. Nc3 Na6 11. a3 dxc4 12. Bxc4 Nc7 13. h3 Be6 14. Bd3 Ncd5 15. Ng5 Qd7 16. Bxh7+ Kh8 17. Re1 Nc7 18. Bf4 Nh5 19. Nxe6 Nxe6 20. Be5 Bf6 21. d5 cxd5 22. Bf5 d4 23. Qe2 g6 24. Bxf6+ Nxf6 25. Qe5 Kg7 26. Ne4 Qe7 27. Bxe6 Qxe6 28. Qxe6 fxe6 29. Nc5 Kf7 30. Nxe6 Rfc8 31. Nxd4 Rc4 32. Nf3 Rc2 33. b4 Nh5 34. Rad1 Rc7 35. g3 Ng7 36. Ne5+ Kf6 37. Rd6+ Kf5 38. Nxg6 1-0

[Event "BAN Marcel 1st Div"]
[Site "Dhaka"]
[Date "2017.12.30"]
[Round "1.2"]
[White "Sacchu, Afzal Hossain"]
[Black "Saiful Islam, Chowdhury"]
[Result "0-1"]
[WhiteElo "2034"]
[BlackElo "2102"]
[PlyCount "64"]
[EventDate "2017.12.30"]
[EventType "team-tourn"]
[EventRounds "9"]
[EventCountry "BAN"]
[SourceTitle "CBM 182 Extra"]
[Source "ChessBase"]
[SourceDate "2018.02.23"]
[SourceVersion "1"]
[SourceVersionDate "2018.02.23"]
[SourceQuality "1"]
[WhiteTeam "Agrani Bank Daba Dal"]
[BlackTeam "Janata Bank Officer Welfare"]
[WhiteTeamCountry "BAN"]
[BlackTeamCountry "BAN"]

1. c4 e6 2. d4 d5 3. Nc3 Nf6 4. Nf3 c5 5. e3 Nc6 6. Bd3 a6 7. a3 dxc4 8. Bxc4 b5 9. Be2 c4 10. e4 Bb7 11. Bg5 h6 12. Bxf6 Qxf6 13. 0-0 Rd8 14. e5 Qf5 15. b4 Nxd4 16. Nxd4 Qxe5 17. Bf3 Rxd4 18. Qe2 Qxe2 19. Nxe2 Rd7 20. Rfd1 Bxf3 21. Rxd7 Bxe2 22. Ra7 g5 23. Rxa6 Bg7 24. Ra2 Bd3 25. a4 0-0 26. axb5 c3 27. Rc6 Bxb5 28. Rc5 Rb8 29. Ra5 Bd3 30. b5 Bd4 31. Rc7 Bxb5 32. h4 Bb6 0-1

[Event "BAN-chB 43rd"]
[Site "Dhaka"]
[Date "2017.11.08"]
[Round "2"]
[White "Md Jamal, Uddin"]
[Black "Saiful Islam, Chowdhury"]
[Result "1-0"]
[WhiteElo "1916"]
[BlackElo "2127"]
[PlyCount "77"]
[EventDate "2017.11.07"]
[EventType "swiss"]
[EventRounds "11"]
[EventCountry "BAN"]
[SourceTitle "CBM 181 Extra"]
[Source "ChessBase"]
[SourceDate "2017.12.12"]
[SourceVersion "1"]
[SourceVersionDate "2017.12.12"]
[SourceQuality "1"]

1. d4 e6 2. c4 f5 3. Nf3 Nf6 4. Nc3 Bb4 5. Bd2 b6 6. a3 Bxc3 7. Bxc3 Ne4 8. Rc1 Bb7 9. e3 0-0 10. d5 exd5 11. cxd5 d6 12. Bc4 Nd7 13. Nd4 Qh4 14. g3 Nxc3 15. Rxc3 Qe4 16. 0-0 Rf7 17. Ne6 Rf6 18. f3 Qe5 19. Nxc7 Rc8 20. Nb5 a6 21. Na7 Rc7 22. Nc6 Qe8 23. Ba2 h5 24. Qd4 Kh7 25. Bb1 g6 26. Re1 Rf7 27. Ba2 a5 28. b4 axb4 29. axb4 Qa8 30. Bb3 Rc8 31. Rc2 Rc7 32. Rec1 Qg8 33. Qf4 Qf8 34. Nd4 Rxc2 35. Rxc2 Qb8 36. Ne6 Re7 37. Rc7 Qa8 38. Qxd6 Qa1+ 39. Kg2 1-0

[Event "BAN-chT"]
[Site "Dhaka"]
[Date "2016.11.30"]
[Round "8.1"]
[White "Saiful Islam, Chowdhury"]
[Black "Masum, Hossain"]
[Result "1/2-1/2"]
[WhiteElo "2165"]
[BlackElo "2104"]
[PlyCount "42"]
[EventDate "2016.11.23"]
[EventType "team-tourn"]
[EventRounds "9"]
[EventCountry "BAN"]
[SourceTitle "EXT 2018"]
[Source "ChessBase"]
[SourceDate "2017.10.13"]
[SourceVersion "1"]
[SourceVersionDate "2017.10.13"]
[SourceQuality "1"]
[WhiteTeam "Access"]
[BlackTeam "Sheikh Russel"]
[WhiteTeamCountry "BAN"]
[BlackTeamCountry "BAN"]

1. e4 c5 2. Nf3 d6 3. d4 cxd4 4. Nxd4 Nf6 5. Nc3 a6 6. Be3 e6 7. Be2 Nbd7 8. Qd2 b5 9. a3 Bb7 10. f3 Rc8 11. 0-0 Be7 12. Rfe1 0-0 13. Nb3 d5 14. exd5 Nxd5 15. Nxd5 Bxd5 16. Rad1 Ne5 17. Bf2 Bxb3 18. cxb3 Qxd2 19. Rxd2 f6 20. f4 Ng6 21. g3 Kf7 1/2-1/2